00503nam a2200157Ia 4500020001800000082001800018100001700036245005100053260004700104300001000151440005500161504001900216650002500235650004900260650003600309 a0-03-077150-1 a519.542 CHO-; aChou, Ya-Iun 0aProbability and statistics for decision making aNew YorkbHolt, Rinehart and Winstonc1972 a623p. aSeries in quantitative methods for decision making aIncludes index aStatistical decision aUnited States - Statistics - Graphic methods aEconomics - Statistical methods